| 000 | 00694nam a2200157 a 4500 | ||
|---|---|---|---|
| 001 | 000029608 | ||
| 005 | 20200930055655.0 | ||
| 008 | 110404s1981 dr a 000 0 spa d | ||
| 040 |
_aDO-SdBNP _bspa _cBNPHU |
||
| 082 |
_axxxx _bR426 |
||
| 110 | 1 |
_aRepública Dominicana . _bSecretaría de estado de Obras Públicas y Comunicaciones, _bDirección General Reglamentos y Sistemas _954865 |
|
| 245 | 1 | 0 |
_aRecomendaciones provisionales para instalaciones sanitarias en edificaciones : _bsistemas de drenaje de aguas negras y pluviales en edificaciones. |
| 260 |
_aSanto Domingo : _bSecretaría de estado de Obras Públicas y Comunicaciones, _c1981. |
||
| 300 |
_a37 p. : _bil. ; _c28 cm. |
||
| 049 | _aBNPD | ||
| 999 |
_c29100 _d29100 |
||